[Event "Ilo Regional Sur op"]
[Site "Ilo Moquegua"]
[Date "2012.04.06"]
[Round "4"]
[White "Curo, Elvis"]
[Black "Ortega, Jaime"]
[Result "0-1"]
[WhiteElo "1635"]
[BlackElo "1936"]
[PlyCount "72"]
[EventDate "2012.04.05"]
[EventType "swiss"]
[EventRounds "7"]
[EventCountry "PER"]
[SourceTitle "EXT 2013"]
[Source "ChessBase"]
[SourceDate "2012.11.22"]
[SourceVersion "1"]
[SourceVersionDate "2012.11.22"]
[SourceQuality "1"]

1. e4 c5 2. Nf3 Nc6 3. d4 cxd4 4. Nxd4 Nf6 5. Nc3 g6 6. Be3 Bg7 7. f3 0-0 8. Qd2 d5 9. Nxc6 bxc6 10. e5 Nd7 11. f4 Qa5 12. a3 e6 13. b4 Qc7 14. Be2 Nxe5 15. fxe5 Qxe5 16. 0-0-0 Qxc3 17. Qxc3 Bxc3 18. Bc5 Re8 19. Rd3 Bg7 20. Rf3 Bd7 21. Rhf1 f5 22. c4 d4 23. b5 cxb5 24. Rb3 bxc4 25. Rb7 Bc6 26. Rc7 Bxg2 27. Rf2 Bd5 28. Bd1 Rec8 29. Rxc8+ Rxc8 30. Bxa7 Be4 31. a4 c3 32. Bb3 Kf7 33. a5 Bh6+ 34. Kd1 d3 35. Bc2 dxc2+ 36. Rxc2 Rd8+ 0-1